|
|
|
|
| LEADER |
02782nam a2200409 a 4500 |
| 001 |
0017295 |
| 003 |
BD-DhAAL |
| 005 |
20250625144639.0 |
| 008 |
091018r20001996ii 000 0 eng d |
| 020 |
|
|
|a 0195653122
|
| 020 |
|
|
|a 9780195653120
|
| 040 |
|
|
|a UKM
|c UKM
|d GUL
|d BD-DhAAL
|
| 082 |
0 |
4 |
|a 340.1150954
|2 21
|
| 245 |
0 |
0 |
|a Changing concepts of rights and justice in South Asia /
|c editors, Michael R. Anderson, Sumit Guha.
|
| 260 |
|
|
|a Delhi ;
|a Oxford :
|b Oxford University Press,
|c 2000.[reprinted 2006]
|
| 300 |
|
|
|a 288 pages ;
|c 22 cm
|
| 490 |
|
|
|a SOAS studies on South Asia.
|
| 500 |
|
|
|a Originally published: 1997.
|
| 504 |
|
|
|a Includes Bibliographical references.
|
| 526 |
|
|
|a SOL ; Refugee studies unit (RSU), CPJ.
|x Saira Rahman Khan
Assistant Professor
School of Law
BRAC University
|
| 541 |
1 |
|
|a Development Book Agency
|e 0017295, 0017296, 0017297, 0017298, 40867
|
| 650 |
|
0 |
|a Civil rights
|z South Asia.
|9 51089
|
| 650 |
|
0 |
|a Sociological jurisprudence.
|9 15909
|
| 650 |
|
0 |
|a Religion and social problems
|z South Asia.
|9 53625
|
| 650 |
|
0 |
|a Religious law and legislation
|z South Asia.
|9 53626
|
| 650 |
|
0 |
|a Civil rights
|z South Asia
|x Religious aspects.
|9 53627
|
| 700 |
1 |
|
|a Guha, Sumit.
|9 53628
|
| 700 |
1 |
|
|a Anderson, Michael R.
|9 53629
|
| 830 |
|
0 |
|a SOAS studies on South Asia.
|
| 852 |
4 |
|
|a Ayesha Abed Library
|c General Stacks
|
| 942 |
|
|
|2 ddc
|c BK
|
| 999 |
|
|
|c 4661
|d 4661
|
| 952 |
|
|
|0 0
|1 0
|2 ddc
|4 0
|6 340_115095400000000_CHA_2006
|7 0
|9 4447
|a BRACUL
|b BRACUL
|c GEN
|d 2009-10-18
|e Parash Publishers
|g 440.00
|l 1
|o 340.1150954 CHA
|p 3010017298
|r 2023-06-24
|s 2023-06-18
|t 4
|v 880.00
|w 2009-10-18
|y BK
|x Requisitioned by Saira Rahman Khan (Assistant Professor), School of Law, BRAC University
|
| 952 |
|
|
|0 0
|1 0
|2 ddc
|4 0
|6 340_115095400000000_CHA_2006
|7 0
|9 4448
|a BRACUL
|b BRACUL
|c GEN
|d 2009-10-18
|e Parash Publishers
|g 440.00
|l 2
|m 3
|o 340.1150954 CHA
|p 3010017295
|r 2025-03-22
|s 2025-03-04
|t 1
|v 880.00
|w 2009-10-18
|y BK
|x Requisitioned by Saira Rahman Khan (Assistant Professor), School of Law, BRAC University
|
| 952 |
|
|
|0 0
|1 0
|2 ddc
|4 0
|6 340_115095400000000_CHA_2006
|7 0
|9 4449
|a BRACUL
|b BRACUL
|c GEN
|d 2009-10-18
|e Parash Publishers
|g 440.00
|l 0
|o 340.1150954 CHA
|p 3010017296
|r 2009-10-18
|t 2
|v 880.00
|w 2009-10-18
|y BK
|x Requisitioned by Saira Rahman Khan (Assistant Professor), School of Law, BRAC University
|
| 952 |
|
|
|0 0
|1 0
|2 ddc
|4 0
|6 340_115095400000000_CHA_2006
|7 0
|9 4450
|a BRACUL
|b BRACUL
|c GEN
|d 2009-10-18
|e Parash Publishers
|g 440.00
|l 1
|m 6
|o 340.1150954 CHA
|p 3010017297
|r 2019-03-30
|s 2019-02-12
|t 3
|v 880.00
|w 2009-10-18
|y BK
|x Requisitioned by Saira Rahman Khan (Assistant Professor), School of Law, BRAC University
|
| 952 |
|
|
|0 0
|1 0
|2 ddc
|4 0
|6 340_115095400000000_CHA
|7 0
|9 73018
|a CPJ
|b CPJ
|c RSU
|d 2023-01-16
|e Development Book Agency
|g 4000.00
|l 0
|o 340.1150954 CHA
|p 3030040867
|r 2023-01-16
|t 5
|v 4000.00
|w 2023-01-16
|y BK
|